Los 7 poetas del Haikú (Registro nro. 54127)

Detalles MARC
000 -ENCABEZADO
Número de control [NR] 01159nam a2200289Ia 4500
005 - FECHA Y HORA DE LA ÚLTIMA TRANSACCIÓN
control field 20211111074907.0
008 - DE LONGITUD FIJA DE DATOS DE ELEMENTOS - INFORMACIÓN GENERAL
Elementos de longitud fija [NR] 130821s2005 ck af gr spa
020 ## - NUMERO INTERNACIONAL NORMALIZADO PARA LIBROS [R]
Número Internacional Normalizado del libro [NR] 9586704440
020 ## - NUMERO INTERNACIONAL NORMALIZADO PARA LIBROS [R]
Número Internacional Normalizado del libro [NR] 9789586704441
040 ## - FUENTE DE CATALOGACION [NR]
Agencia de catalogación original [NR] CO-BoUCM
Idioma de catalogación [NR] spa
Quien Cataloga Jose A. Gerena (modificó)
Quien Clasifica Jose A. Gerena (modificó)
041 00 - CODIGO DE IDIOMA [R]
Código de idioma para texto/pista de sonido o título separado [R] Español
100 1# - ASIENTO PRINCIPAL--NOMBRE PERSONAL [NR]
Nombre personal [NR] Cuartas Restrepo, Juan Manuel
Fechas asociadas con el nombre [NR] 1960-
ID Autoridad 77450
245 14 - MENCION DE TITULO [NR]
Título [NR] Los 7 poetas del Haikú
Mención de responsabilidad, etc. [NR] Juan Manuel Cuartas Retrepo ; ilustraciones Rubén Antonio Cuartas R
246 33 - FORMA VARIANTE DEL TITULO [R]
Título propiamente dicho/forma breve del título [NR] Los siete poetas del haikú
260 ## - PUBLICACION, DISTRIBUCION, ETC. (PIE DE IMPRENTA) [R]
Lugar de publicación, distribución, etc. [R] Cali (Valle, Colombia)
Nombre del editor, distribuidor, etc. [R] Universidad del Valle
Fecha de publicación, distribución, etc. [R] 2005
300 ## - DESCRIPCION FISICA [R]
Extensión [R] 192 páginas
Otros detalles físicos [NR] ilustraciones, láminas
490 #0 - MENCION DE SERIE [R]
Mención de serie [R] Colección artes y humanidades.
650 #7 - ASIENTO SECUNDARIO DE MATERIA - TERMINO TEMATICO [R]
Término temático o nombre geográfico como elemento de entrada [NR] Haiku
Subdivisión general [R] Crítica e interpretación
9 (RLIN) 77451
650 #7 - ASIENTO SECUNDARIO DE MATERIA - TERMINO TEMATICO [R]
Término temático o nombre geográfico como elemento de entrada [NR] Literatura japonesa
Subdivisión general [R] Historia y crítica
9 (RLIN) 77452
650 #7 - ASIENTO SECUNDARIO DE MATERIA - TERMINO TEMATICO [R]
Término temático o nombre geográfico como elemento de entrada [NR] Poesía japonesa
Subdivisión general [R] Historia y crítica
9 (RLIN) 77453
650 #7 - ASIENTO SECUNDARIO DE MATERIA - TERMINO TEMATICO [R]
Término temático o nombre geográfico como elemento de entrada [NR] Poetas japoneses
Subdivisión general [R] Historia y crítica
9 (RLIN) 77454
650 #7 - ASIENTO SECUNDARIO DE MATERIA - TERMINO TEMATICO [R]
Término temático o nombre geográfico como elemento de entrada [NR] Poesía
9 (RLIN) 21773
690 #0 - ASUNTO AGREGADO LOCAL DE ENTRADA - TÉRMINO TEMÁTICO (OCLC, RLIN)
Acceso temático local Literatura oriental
9 (RLIN) 18717
700 1# - ASIENTO SECUNDARIO - NOMBRE PERSONAL [R]
Nombre personal [NR] Cuartas Restrepo, Rubén Antonio
9 (RLIN) 77455
942 ## - ELEMENTOS DE ENTRADA AGREGADOS (KOHA)
Tipo de ítem principal el descrito en 300a Libro
Tema principal [No clasificado]
Edición 1
Sistema de clasificación DEWEY
Clasificación 895.61
Parte restante de la signatura top. C961
Título oculto en OPAC No
Existencias
Fecha de último préstamo Total préstamos Total Renewals Signatura topográfica Código de barras Última vez visto Ejemplar Price effective from Tipo de ítem Perdido Sistema de clasificación Dañado No prestable Tipo de ítem específico Suprimido Ubicación habitual Ubicación actual Localización Fecha de creación Forma de adquisición Costo
20/05/2016 2 1 895.61 C961 100087405 09/12/2025 Ej.1 03/02/2013 Libro   DEWEY     Libro   Claustro Claustro 2do piso 28/02/2013 Donación 26000.00